|
|
|
|
| LEADER |
01361nam a2200277 a 4500 |
| 001 |
31733 |
| 003 |
BD-DhAAL |
| 005 |
20250810102616.0 |
| 008 |
170601s2016 bg ||||| |||| 00| 0 ben d |
| 020 |
|
|
|a 9789848858608
|
| 040 |
|
|
|a BD-DhAAL
|c BD-DhAAL
|
| 041 |
|
|
|a ben
|
| 082 |
0 |
0 |
|a 891.44371
|2 23
|
| 100 |
1 |
|
|a মজুমদার, সমরেশ
|9 21681
|
| 245 |
1 |
0 |
|a উত্তরাধিকার /
|c সমরেশ মজুমদার
|
| 260 |
|
|
|a ঢাকা :
|b মিত্র ও ঘোষ পাবলিশার্স প্রাঃ লিঃ,
|c ২০১৬.
|
| 300 |
|
|
|a ৪৭৮ পৃষ্ঠা ;
|b ২২ সে. মি.
|
| 526 |
|
|
|a AAL
|
| 541 |
|
|
|e 31733,31734
|
| 650 |
|
|
|a Bengali fiction.
|9 21682
|
| 650 |
|
|
|a Bengali literature.
|
| 852 |
|
|
|a Ayesha Abed Library
|c General Stacks
|
| 942 |
|
|
|2 ddc
|c BK
|
| 999 |
|
|
|c 38151
|d 38151
|
| 952 |
|
|
|0 0
|1 0
|2 ddc
|3 After returning the book, please send it to Cataloguing team.
|4 0
|6 391_443710000000000_MAJ
|7 0
|9 60763
|a BRACUL
|b BRACUL
|c GEN
|d 2017-05-22
|e Development Book Agency
|g 560.00
|l 11
|m 108
|o 391.44371 MAJ
|p 3010031734
|q 2026-05-17
|r 2025-08-07
|s 2025-08-07
|t 2
|v 1120.00
|w 2017-05-22
|y BK
|
| 952 |
|
|
|0 0
|1 0
|2 ddc
|4 0
|6 891_443710000000000_MAJ
|7 0
|9 60764
|a BRACUL
|b BRACUL
|c GEN
|d 2017-05-22
|e Development Book Agency
|g 560.00
|l 15
|m 35
|o 891.44371 MAJ
|p 3010031733
|r 2025-12-21
|s 2025-12-09
|t 1
|v 1120.00
|w 2017-05-22
|y BK
|